[Event "AUTO-OPEN-4153"]
[Site "http://www.queenalice.com/game.php?id=1604961"]
[Date "2020.3.30"]
[Round "1"]
[White "mestre62"]
[Black "dmdagnone"]
[Result "0-1"]
[WhiteElo "1453"]
[BlackElo "1637"]

1. e4 e5 2. Nf3 Nc6 3. d3 Bb4+ 4. Bd2 d6 5. Bxb4 Nf6 6. Bd2 Bg4 7. h3 Bh5 8. Be2
O-O 9. Nc3 d5 10. exd5 Nxd5 11. g4 Bg6 12. Nxd5 Qxd5 13. Bc3 Rfe8 14. Rg1 b5 15.
Nh4 Re6 16. Nxg6 Rxg6 17. Bf3 Qd6 18. Bxc6 Qxc6 19. Qe2 Re8 20. h4 e4 21. h5
exd3 22. Qxe8+ Qxe8+ 23. Kd2 Qe2+ 24. Kc1 Qxc2# 0-1

[Event "AUTO-OPEN-4153"]
[Site "http://www.queenalice.com/game.php?id=1604962"]
[Date "2020.3.30"]
[Round "1"]
[White "dmdagnone"]
[Black "mestre62"]
[Result "1-0"]
[WhiteElo "1621"]
[BlackElo "1460"]

1. e4 e5 2. Nf3 d6 3. Bb5+ Bd7 4. Bc4 Be7 5. d3 Nf6 6. Be3 Ng4 7. Nc3 Nxe3 8.
fxe3 Nc6 9. Qd2 O-O 10. O-O-O Qc8 11. d4 Bg4 12. h3 Bxf3 13. gxf3 Na5 14. b3
Nxc4 15. bxc4 exd4 16. exd4 c5 17. d5 Qd8 18. Rhg1 Bf6 19. Rde1 Bxc3 20. Qxc3 g6
21. f4 Qd7 22. e5 Rfe8 23. e6 fxe6 24. Ref1 e5 25. f5 Kh8 26. f6 b6 27. h4 Rf8
28. Rf2 Rf7 29. h5 gxh5 30. Qe3 Raf8 31. Rg7 Rxg7 32. fxg7+ Kxg7 33. Qg5+ 1-0

[Event "AUTO-OPEN-4153"]
[Site "http://www.queenalice.com/game.php?id=1604987"]
[Date "2020.3.30"]
[Round "1"]
[White "Esvir"]
[Black "dmdagnone"]
[Result "1-0"]
[WhiteElo "2028"]
[BlackElo "1616"]

1. d4 d5 2. Nf3 Nc6 3. Bf4 e6 4. a3 Bd6 5. Bg5 Nf6 6. Nc3 O-O 7. e4 h6 8. Bh4
dxe4 9. Nxe4 Be7 10. Nxf6+ Bxf6 11. Bxf6 Qxf6 12. Be2 Bd7 13. O-O Rad8 14. c4 a6
15. b4 b5 16. d5 Ne5 17. c5 exd5 18. Qxd5 Ng4 19. h3 Bc6 20. Qb3 Bd5 21. Qc2 Ne5
22. Nxe5 Qxe5 23. Rfe1 Qg5 24. g3 f5 25. h4 Qe7 26. Bxb5 Qf6 27. Bc4 Bxc4 28.
Qxc4+ Kh7 29. Qf4 Rd5 30. Qxc7 h5 31. c6 Rdd8 32. Rac1 Rc8 33. Qb6 f4 34. Rf1 f3
35. Qxa6 Qe6 36. Kh2 g5 37. Qb7+ Rf7 38. Qb5 gxh4 39. Qxh5+ Kg7 40. gxh4 Rxc6
41. Rg1+ Kf8 42. Qh8+ Ke7 43. Rce1 1-0

[Event "AUTO-OPEN-4153"]
[Site "http://www.queenalice.com/game.php?id=1604988"]
[Date "2020.3.30"]
[Round "1"]
[White "dmdagnone"]
[Black "Esvir"]
[Result "0-1"]
[WhiteElo "1631"]
[BlackElo "2018"]

1. e4 e5 2. Nf3 d6 3. Bc4 h6 4. Nc3 Nf6 5. d3 Be7 6. Be3 O-O 7. O-O Nc6 8. a3 a6
9. Qe2 b5 10. Bb3 Bb7 11. a4 Na5 12. Rfd1 Nxb3 13. cxb3 b4 14. Nd5 Nxd5 15. exd5
Bxd5 16. Rac1 Bxb3 17. Rd2 Bxa4 18. g3 Bb5 19. Rdc2 c5 20. Qd1 Ba4 21. Bxh6 Bxc2
22. Qxc2 gxh6 23. Nh4 Bxh4 24. gxh4 Qxh4 25. Kh1 f5 26. Qb3+ Kh7 27. Rg1 Qxf2
28. Qd1 e4 29. dxe4 fxe4 30. Qxd6 Qf3+ 31. Rg2 Qf7 32. Qxc5 Rg8 33. Rxg8 Rxg8
0-1

[Event "AUTO-OPEN-4153"]
[Site "http://www.queenalice.com/game.php?id=1605003"]
[Date "2020.3.30"]
[Round "1"]
[White "jupar"]
[Black "dmdagnone"]
[Result "1-0"]
[WhiteElo "2133"]
[BlackElo "1614"]

1. e4 e5 2. Nf3 Nc6 3. c3 Nf6 4. d4 Nxe4 5. d5 Ne7 6. Nxe5 Nf6 7. c4 d6 8. Nf3
g6 9. Nc3 Bg7 10. h3 O-O 11. Be2 Bf5 12. Bd3 Re8 13. O-O c6 14. Bg5 cxd5 15.
Bxf5 Nxf5 16. Nxd5 Rc8 17. g4 Nh6 18. b3 Kh8 19. Nxf6 Bxf6 20. Bxh6 g5 21. Rc1
Re6 22. Qd2 Rc5 23. b4 Rc7 24. Nxg5 Bxg5 25. Bxg5 f6 26. Qd4 Kg8 27. Bh4 Qf8 28.
Kg2 f5 29. Rce1 Qh6 30. Rxe6 Qxe6 31. Qd5 Qxd5+ 32. cxd5 fxg4 33. hxg4 Rc4 34.
f3 Rxb4 35. Be7 Rb2+ 36. Rf2 Rb5 37. Rd2 Rb6 38. Kg3 Kf7 39. Bd8 Rb5 40. a4 Rb3
41. a5 Ke8 42. Bc7 Kd7 43. Bb8 a6 44. Ba7 Rb5 45. Bb6 Ke7 46. Kf4 Kf6 47. g5+
Kg6 48. Kg4 Rb3 49. Rh2 Rd3 50. Rh6+ Kg7 51. Rxd6 Kg8 52. f4 Kf7 53. Rd7+ Kg8
54. Kf5 Kf8 55. Kf6 1-0

[Event "AUTO-OPEN-4153"]
[Site "http://www.queenalice.com/game.php?id=1605004"]
[Date "2020.3.30"]
[Round "1"]
[White "dmdagnone"]
[Black "jupar"]
[Result "0-1"]
[WhiteElo "1623"]
[BlackElo "2151"]

1. e4 e5 2. Nf3 Nc6 3. Bb5 Nf6 4. Nc3 Bc5 5. h3 d6 6. d3 h6 7. Be3 Bb6 8. O-O
O-O 9. d4 exd4 10. Bxd4 Nxd4 11. Nxd4 a6 12. Bc4 Re8 13. Re1 Bxd4 14. Qxd4 c5
15. Qd3 b5 16. Bd5 Rb8 17. Ne2 Bb7 18. Nf4 g5 19. Bxb7 Rxb7 20. Rad1 gxf4 21.
Rd2 Rbe7 22. Rde2 Qc7 23. c4 Qc6 24. cxb5 axb5 25. Qf3 Rxe4 26. g3 Qa8 27. a3
Rxe2 28. Qxa8 Rxe1+ 0-1

[Event "AUTO-INT-3516"]
[Site "http://www.queenalice.com/game.php?id=1605057"]
[Date "2020.3.30"]
[Round "1"]
[White "juim"]
[Black "dmdagnone"]
[Result "1-0"]
[WhiteElo "1620"]
[BlackElo "1629"]

1. e4 e5 2. d4 exd4 3. Qxd4 Nc6 4. Qd1 Nf6 5. Bd3 Bc5 6. a3 d6 7. Ne2 Ng4 8. h3
Nxf2 9. Qd2 Nxh1 10. Qf4 Be6 11. Nbc3 Nf2 12. Be3 Nxd3+ 13. cxd3 Bxe3 14. Qxe3
O-O 15. O-O-O Qd7 16. g4 Rac8 17. Ng3 a5 18. d4 Rfe8 19. Qg5 g6 20. d5 Ne5 21.
Rf1 Re7 22. Nh5 Bxd5 23. Nf6+ Kg7 24. Nxd7 Rxd7 25. Nxd5 c6 26. Nb6 1-0

[Event "AUTO-INT-3516"]
[Site "http://www.queenalice.com/game.php?id=1605058"]
[Date "2020.3.30"]
[Round "1"]
[White "dmdagnone"]
[Black "juim"]
[Result "0-1"]
[WhiteElo "1630"]
[BlackElo "1685"]

1. e4 d6 2. d4 e6 3. Nf3 d5 4. e5 Nc6 5. Bb5 Bd7 6. Nc3 Be7 7. Bf4 a6 8. Bd3 Nb4
9. O-O Nc6 10. a3 Na7 11. b4 a5 12. b5 b6 13. Na4 Nxb5 14. c4 Na7 15. cxd5 exd5
16. Nc3 Bc6 17. Qd2 h6 18. Rfe1 Qd7 19. g3 O-O-O 20. Re3 Bg5 21. Qc2 Qe7 22. a4
Bxf4 23. gxf4 Qd7 24. Bf5 Qxf5 25. Qxf5+ Kb7 26. Qxf7 Rd7 27. Qh5 Ne7 28. f5 Rf8
29. Nh4 Rdd8 30. Ng6 Rxf5 31. Qe2 Nxg6 32. e6 Re8 33. Qg4 Rg5 34. Qxg5 hxg5 35.
Ne2 Re7 36. Kg2 Be8 37. Ng3 Nf4+ 38. Kf3 Nxe6 39. Nf5 Bh5+ 40. Kg3 Re8 41. Rae1
Rf8 42. Ne7 Nxd4 43. Re5 Nf3 44. Nxd5 Nxe1 45. Rxg5 Bf3 46. Rxg7 Bxd5 0-1

[Event "AUTO-INT-3516"]
[Site "http://www.queenalice.com/game.php?id=1605071"]
[Date "2020.3.30"]
[Round "1"]
[White "dmdagnone"]
[Black "ggteste1"]
[Result "1-0"]
[WhiteElo "1613"]
[BlackElo "1642"]

1. e4 e5 2. Nf3 Nc6 3. Nc3 Nf6 4. d4 Bb4 5. a3 Ba5 6. b4 Bb6 7. dxe5 Ng4 8. Be3
Bxe3 9. fxe3 Nxe3 10. Qe2 Nxf1 11. Qxf1 d6 12. exd6 Qxd6 13. Nd5 f5 14. Nc3 Nd4
15. O-O-O Qf4+ 16. Kb2 O-O 17. Rxd4 fxe4 18. Qc4+ Kh8 19. Rxe4 Qf6 20. Rhe1 Bg4
21. Rxg4 c6 22. Ne5 Qf2 23. Re2 Qg1 24. Nf7+ Kg8 25. Re7 Qxh2 26. Nd8+ Kh8 27.
Nxb7 Rae8 28. Rxe8 Rxe8 29. Qd4 Rg8 30. Nd6 Qh5 31. Nc8 h6 32. Nxa7 Qe8 33. Ne4
Qe6 34. Nd6 Qf6 35. Qxf6 gxf6 36. Rxg8+ Kxg8 37. a4 h5 38. a5 h4 39. a6 Kg7 40.
Nxc6 Kg6 41. a7 Kg5 42. a8=Q Kg4 43. Qa3 f5 44. b5 f4 45. b6 f3 46. gxf3+ Kg3
47. f4+ Kg2 48. b7 h3 49. Qxh3+ Kxh3 50. b8=Q Kg4 51. Qf8 Kf3 52. c4 Ke3 53. c5
Kf3 54. Nd4+ Ke3 55. c6 Kxd4 56. c7 Kd5 57. c8=Q Kd4 58. Qfe8 Kd5 59. Nf7 Kd4
60. Qe5+ Kd3 61. Qcc3# 1-0

[Event "AUTO-INT-3516"]
[Site "http://www.queenalice.com/game.php?id=1605072"]
[Date "2020.3.30"]
[Round "1"]
[White "ggteste1"]
[Black "dmdagnone"]
[Result "0-1"]
[WhiteElo "1585"]
[BlackElo "1623"]

1. e4 e5 2. Nf3 Nc6 3. Bb5 a6 4. Ba4 Nf6 5. d3 Bc5 6. h3 O-O 7. c3 d6 8. Nbd2
Be6 9. Nf1 b5 10. Bc2 b4 11. Ng3 d5 12. Ba4 Na5 13. Nxe5 d4 14. Nc6 Nxc6 15.
Bxc6 Rb8 16. O-O bxc3 17. e5 Nd5 18. f4 cxb2 19. Rb1 Nc3 20. Qh5 Nxb1 21. Be4 g6
22. Qh6 Nc3 23. f5 Nxe4 24. f6 Nxf6 25. exf6 Qxf6 26. Rxf6 b1=Q 27. Rf1 Qxd3 28.
Bg5 f6 29. Rxf6 Rxf6 30. Bxf6 Bf8 31. Qf4 Rb1+ 32. Kh2 Qd1 33. Qxc7 Qg1# 0-1

[Event "AUTO-INT-3516"]
[Site "http://www.queenalice.com/game.php?id=1605073"]
[Date "2020.3.30"]
[Round "1"]
[White "dmdagnone"]
[Black "Minerva20"]
[Result "0-1"]
[WhiteElo "1623"]
[BlackElo "1972"]

1. e4 c6 2. d4 d5 3. e5 Bf5 4. Bd3 Bxd3 5. Qxd3 e6 6. Bf4 Qb6 7. b3 c5 8. dxc5
Bxc5 9. Be3 Bxe3 10. fxe3 Nc6 11. Nf3 Rc8 12. Nc3 Nge7 0-1

[Event "AUTO-INT-3516"]
[Site "http://www.queenalice.com/game.php?id=1605074"]
[Date "2020.3.30"]
[Round "1"]
[White "Minerva20"]
[Black "dmdagnone"]
[Result "1-0"]
[WhiteElo "2022"]
[BlackElo "1637"]

1. d4 d5 2. Bf4 Nc6 3. e3 Nf6 4. Nd2 Bf5 5. c3 e6 6. Ngf3 Bd6 7. Bg3 Qd7 8. Bb5
a6 9. Bxc6 bxc6 10. Ne5 Bxe5 11. Bxe5 O-O 12. Bxf6 gxf6 13. O-O e5 14. b4 a5 15.
a3 Kh8 16. Nb3 Rg8 17. f3 e4 18. Nxa5 Bh3 19. Rf2 Rg6 20. Kh1 Be6 21. fxe4 Rag8
22. Nb3 Bg4 23. Qf1 Rh6 24. Rxf6 Rh5 25. Rxf7 Qd6 26. e5 Qh6 27. Qf6+ Qxf6 28.
Rxf6 Be2 29. Nc5 Rhg5 30. g3 Bh5 31. Raf1 Bg6 32. Rxc6 Rg7 33. Rf8+ Rg8 34.
Rxg8+ Kxg8 35. Rf6 h5 36. Rf4 Bf7 37. a4 Kf8 38. Ne6+ 1-0

[Event "Challenge"]
[Site "http://www.queenalice.com/game.php?id=1605558"]
[Date "2020.4.3"]
[Round "-"]
[White "DanielAlvesGarciaSantosSilva"]
[Black "dmdagnone"]
[Result "1-0"]
[WhiteElo "1482"]
[BlackElo "1646"]

1. d4 d5 2. Bf4 Nc6 3. c3 Nf6 4. f3 g6 5. e3 Bf5 6. Nd2 Bg7 7. Ne2 O-O 8. Ng3
Qd7 9. Be2 Rfe8 10. O-O e5 11. dxe5 Nxe5 12. Qb3 b6 13. Rfd1 a5 14. a4 Qd6 15.
Nc4 Qe6 16. Nxe5 Nh5 17. Nd3 c5 18. Qb5 Nxg3 19. hxg3 Bf6 20. g4 Bxd3 21. Bxd3
c4 22. Be2 Rec8 23. Qxd5 Qe7 24. Bxc4 Rf8 25. Rd3 Rad8 26. Qc6 Be5 27. Qe4 Rxd3
28. Bxd3 f6 29. g5 Qf7 30. Bc4 1-0

[Event "Let's Play Chess!"]
[Site "http://www.queenalice.com/game.php?id=1606866"]
[Date "2020.4.11"]
[Round "-"]
[White "dmdagnone"]
[Black "igorjava"]
[Result "1/2-1/2"]
[WhiteElo "1598"]
[BlackElo "1941"]

1. e4 c5 2. Bc4 Nc6 3. Nf3 e6 4. Nc3 a6 5. d3 b5 6. Bb3 Na5 7. Qe2 Nxb3 8. axb3
Bb7 9. Be3 d6 10. O-O Nf6 11. d4 Nxe4 12. dxc5 Nxc3 13. bxc3 dxc5 14. Rad1 Qc7
15. Rd2 Be7 16. c4 Bc6 17. Rfd1 bxc4 18. Qxc4 O-O 19. Bxc5 Bxf3 20. Bxe7 Qxe7
21. gxf3 Rfc8 22. Qg4 Rd8 23. Rxd8+ Rxd8 24. Rxd8+ Qxd8 25. f4 g6 26. Qe2 Qb6
27. Qd3 h5 28. c4 Qc5 29. Qc3 a5 30. Kf1 Qf5 31. c5 a4 32. bxa4 Qxf4 33. a5 Qxh2
34. c6 Qh1+ 35. Ke2 Qe4+ 36. Kf1 Qb1+ 37. Kg2 Qe4+ 38. Qf3 Qc4 39. Qa3 Qxc6+ 40.
f3 Qa6 41. Kg3 Kg7 42. f4 Qa7 43. a6 f6 44. Qd6 Qe3+ 45. Kg2 Qe2+ 46. Kg3 Qe3+
47. Kg2 h4 48. Qe7+ Kh6 49. a7 h3+ 50. Kh2 Qxf4+ 51. Kxh3 Qf3+ 52. Kh2 g5 53.
Qf8+ Kg6 54. a8=Q Qf2+ 55. Qg2 Qf4+ 56. Kh1 Qh4+ 57. Kg1 Qe1+ 58. Kh2 Qh4+ 59.
Kg1 Qe1+ 60. Kh2 Qh4+ 61. Kg1 1/2-1/2

[Event "Let's Play Chess!"]
[Site "http://www.queenalice.com/game.php?id=1606961"]
[Date "2020.4.11"]
[Round "-"]
[White "dmdagnone"]
[Black "charles31"]
[Result "1-0"]
[WhiteElo "1597"]
[BlackElo "1628"]

1. e4 e5 2. Nf3 d6 3. Bc4 h6 4. d3 a6 5. Nc3 Nf6 6. Be3 Bg4 7. O-O Be7 8. h3 Be6
9. b3 Bxc4 10. bxc4 Nc6 11. Rb1 Qd7 12. Rxb7 O-O 13. Qb1 Rab8 14. a4 Rxb7 15.
Qxb7 Rb8 16. Qxa6 Rb2 17. Rb1 Rxc2 18. Nb5 Nh5 19. a5 Nf6 20. Ne1 Ra2 21. Bc1
Rxa5 22. Qb7 Bd8 23. Nc3 Nd4 24. Qb2 c6 25. Ne2 Nxe2+ 26. Qxe2 Ra8 27. Nf3 Nh7
28. Bb2 Ra2 29. d4 exd4 30. Nxd4 Bf6 31. Nf5 Bxb2 32. Rxb2 Ra1+ 33. Kh2 Nf6 34.
Rd2 Kh7 35. Nxd6 Qe6 36. Qd3 g6 37. f4 Nd7 38. g4 Nc5 39. Qf3 Rb1 40. f5 Qe5+
41. Kg2 Kg7 42. fxg6 f6 43. g5 hxg5 44. Qh5 Nxe4 45. Qh7+ Kf8 46. Qf7# 1-0

[Event "Let's Play Chess!"]
[Site "http://www.queenalice.com/game.php?id=1606973"]
[Date "2020.4.11"]
[Round "-"]
[White "dmdagnone"]
[Black "paolop69"]
[Result "0-1"]
[WhiteElo "1612"]
[BlackElo "1648"]

1. e4 e5 2. Nf3 d6 3. Bc4 h6 4. Nc3 c6 5. d3 Be7 6. Be3 Bf6 7. O-O Ne7 8. d4 Nd7
9. d5 c5 10. a3 a6 11. Nh4 Bxh4 12. g3 Bg5 13. b4 b5 14. Ba2 c4 15. Bxg5 hxg5
16. Qg4 f6 17. a4 Nb6 18. axb5 Bxg4 19. bxa6 Rxa6 20. b5 Ra3 21. Nd1 Bxd1 22.
Rfxd1 Na4 23. Bxc4 Rxa1 24. Rxa1 Nb2 25. Be2 O-O 26. Rb1 Na4 27. c4 Nc3 28. Rb2
Qa8 29. b6 Qa1+ 0-1

[Event "Let's Play Chess!"]
[Site "http://www.queenalice.com/game.php?id=1611117"]
[Date "2020.5.8"]
[Round "-"]
[White "charles31"]
[Black "dmdagnone"]
[Result "1-0"]
[WhiteElo "1653"]
[BlackElo "1612"]

1. e4 e5 2. Nf3 Nc6 3. Na3 Nf6 4. Bc4 h6 5. b3 Bc5 6. O-O O-O 7. Bb2 d6 8. c3
Nxe4 9. d3 Bxf2+ 10. Rxf2 Nxf2 11. Kxf2 Bg4 12. h3 Bxf3 13. Qxf3 Qg5 14. Bc1 Qg6
15. Be3 a6 16. Rf1 Rad8 17. Ke2 Rfe8 18. Bxf7+ 1-0

[Event "Let's Play Chess!"]
[Site "http://www.queenalice.com/game.php?id=1623911"]
[Date "2020.8.16"]
[Round "-"]
[White "charles31"]
[Black "dmdagnone"]
[Result "1-0"]
[WhiteElo "1694"]
[BlackElo "1620"]

1. e4 e5 2. Nf3 Nc6 3. a3 d6 4. h3 Be6 5. d4 exd4 6. Nxd4 Nxd4 7. Qxd4 Nf6 8.
Nc3 Be7 9. Bf4 O-O 10. Bd3 c5 11. Qe3 a6 12. g4 1-0

[Event "Let's Play Chess!"]
[Site "http://www.queenalice.com/game.php?id=1625313"]
[Date "2020.8.29"]
[Round "-"]
[White "Olavio"]
[Black "dmdagnone"]
[Result "0-1"]
[WhiteElo "1785"]
[BlackElo "1607"]

1. e4 e5 2. c4 Nc6 3. Nf3 Bc5 4. a3 Nf6 5. b4 Bd4 6. Ra2 d6 7. Qb3 Nxe4 8. Bd3
Nxf2 9. b5 Na5 10. Qa4 b6 11. O-O Nxd3+ 12. Nxd4 exd4 13. Qd1 Bb7 14. Qe2+ Ne5
15. d3 O-O 16. Rf4 Nb3 17. Bb2 c5 18. Qh5 g6 19. Qh6 g5 20. Rf5 f6 21. Bxd4 Nxd4
22. Raf2 Ng4 23. Qh3 Nxf2 24. Kxf2 Bc8 25. g4 Nxf5 26. gxf5 Qe7 27. Nd2 Bb7 28.
Nf1 Rae8 29. Ng3 Qe1# 0-1

[Event "Let's Play Chess!"]
[Site "http://www.queenalice.com/game.php?id=1628040"]
[Date "2020.9.27"]
[Round "-"]
[White "dmdagnone"]
[Black "charles31"]
[Result "1-0"]
[WhiteElo "1630"]
[BlackElo "1732"]

1. e4 e5 2. Nf3 d6 3. Bc4 h6 4. Nc3 c6 5. d4 exd4 6. Qxd4 Nf6 7. O-O Bg4 8. Be2
b5 9. Bf4 c5 10. Qe3 Nc6 11. h3 Be6 12. b3 a6 13. Rad1 Nh5 14. Rd2 Be7 15. Rfd1
Nxf4 16. Qxf4 Ra7 17. Nd5 g5 18. Qh2 Bxd5 19. exd5 Ne5 20. Nxe5 dxe5 21. Qxe5
Rg8 22. Bh5 Qd6 23. Qf5 Bf6 24. Re2+ Re7 25. Rxe7+ Qxe7 26. d6 Qd7 27. Qxf6 Kf8
28. Re1 Rg7 29. Re7 1-0

[Event "Let's Play Chess!"]
[Site "http://www.queenalice.com/game.php?id=1628373"]
[Date "2020.9.29"]
[Round "-"]
[White "igorjava"]
[Black "dmdagnone"]
[Result "1-0"]
[WhiteElo "1829"]
[BlackElo "1650"]

1. e4 e5 2. f4 Nc6 3. Nf3 exf4 4. Bc4 f6 5. d4 d6 6. Bxf4 g5 7. Bg3 Bg4 8. O-O
Qd7 9. c3 O-O-O 10. b4 a6 11. a4 Nge7 12. Bd3 h5 13. b5 Nb8 14. bxa6 Nxa6 15.
Bxa6 bxa6 16. d5 c6 17. Qd3 Qa7+ 18. Bf2 c5 19. Nbd2 Bg7 20. a5 h4 21. Rfb1 Kd7
22. Rb6 Bxf3 23. Nxf3 Nc8 24. Rxa6 Qc7 25. Rc6 Qa7 26. Qb5 Rhe8 27. Ra6+ Ke7 28.
Rxa7+ Nxa7 29. Qb7+ Rd7 30. Qa6 Kf7 31. Nd2 f5 32. exf5 Bxc3 33. Rd1 Re5 34. Nf3
Rxf5 35. Qd3 Be5 36. Qxf5+ 1-0

[Event "Let's Play G58"]
[Site "http://www.queenalice.com/game.php?id=1629290"]
[Date "2020.10.8"]
[Round "-"]
[White "Rider"]
[Black "dmdagnone"]
[Result "0-1"]
[WhiteElo "1590"]
[BlackElo "1641"]

1. d4 d5 2. Nf3 Bf5 3. e3 Nc6 4. c3 Nf6 5. Bb5 e6 6. O-O Bd6 7. Re1 Qd7 8. Nbd2
Ng4 9. h3 Nf6 10. b4 O-O-O 11. Qa4 Kb8 12. Ng5 h6 13. Ngf3 g5 14. Ne5 Bxe5 15.
Nf3 Bd6 16. g4 Be4 17. Nd2 h5 18. f3 Bg6 19. Kg2 hxg4 20. fxg4 Rh6 21. Rh1 Ne4
22. Bxc6 bxc6 23. Nf3 f6 24. Qb3 Ng3 25. Re1 Qh7 26. b5 cxb5 27. Qxb5+ Kc8 28.
Qa6+ Kd7 29. Ng1 Bd3 30. Qxa7 Rh8 31. Qa4+ Ke7 32. Ba3 Be4+ 33. Kh2 Rxh3+ 34.
Nxh3 Qxh3+ 35. Kg1 Qh2# 0-1

[Event "Let's Play 397"]
[Site "http://www.queenalice.com/game.php?id=1631947"]
[Date "2020.11.6"]
[Round "-"]
[White "digger"]
[Black "dmdagnone"]
[Result "0-1"]
[WhiteElo "1621"]
[BlackElo "1655"]

1. Nc3 e5 2. e4 Nf6 3. d3 Nc6 4. Nf3 Bb4 5. Bd2 O-O 6. a3 Bc5 7. Qe2 d6 8. Be3
Bg4 9. Bxc5 dxc5 10. h3 Bh5 11. g4 Bg6 12. O-O-O Nd4 13. Nxd4 cxd4 14. Nb1 c5
15. h4 h6 16. Nd2 b5 17. Nb3 Qc7 18. h5 Bh7 19. Bh3 a5 20. Rdf1 a4 21. Nd2 b4
22. Nc4 bxa3 23. bxa3 Rfb8 24. c3 Rb3 25. Qc2 Rxc3 26. Qxc3 dxc3 27. Kc2 Rb8 28.
Kxc3 Nd7 29. Bg2 Nb6 30. Nb2 f6 31. Rb1 Kf8 32. Kc2 Bg8 33. Kc3 Qd6 34. Bf3 Qd4+
35. Kd2 Qxf2+ 36. Kc3 Qxf3 37. Rhg1 Bb3 38. Kd2 c4 39. dxc4 Rd8+ 40. Ke1 Qxe4+
41. Kf2 Rd2+ 42. Kg3 Qe3+ 43. Kh4 Rh2# 0-1